书目信息 |
| 题名: |
软土地基与地下工程
|
|
| 作者: | 高大钊 , 黄绍铭 主编 | |
| 分册: | ||
| 出版信息: | 北京 中国建筑工业出版社 2005.06 |
|
| 页数: | 1114页 | |
| 开本: | 26cm | |
| 丛书名: | ||
| 单 册: | ||
| 中图分类: | TU471.8 , TU94 | |
| 科图分类: | ||
| 主题词: | 地下工程--Di Xia Gong Cheng--工程技术 , 软土地基--Ruan Tu Di Ji--基础(工种) | |
| 电子资源: | ||
| ISBN: | 7-112-07208-5 | |
| 000 | 00968nam0 2200289 450 | |
| 001 | 0637881599 | |
| 005 | 20171013083111.78 | |
| 010 | @a7-112-07208-5@b精装@dCNY113.00 | |
| 099 | @aCAL 012005098435 | |
| 100 | @a20050916d2005 em y0chiy0121 ea | |
| 101 | 0 | @achi |
| 102 | @aCN@b110000 | |
| 105 | @aak ac 001yy | |
| 200 | 1 | @a软土地基与地下工程@ARuan Tu Di Ji Yu Di Xia Gong Cheng@d= Foudation and underground engineering in soft ground@f黄绍铭, 高大钊主编@zeng |
| 205 | @a第2版 | |
| 210 | @a北京@c中国建筑工业出版社@d2005.06 | |
| 215 | @a1114页@c图@d26cm | |
| 320 | @a有书目和索引 | |
| 510 | 1 | @aFoudation and underground engineering in soft ground@zeng |
| 606 | 0 | @a地下工程@ADi Xia Gong Cheng@x工程技术 |
| 606 | 0 | @a软土地基@ARuan Tu Di Ji@x基础(工种) |
| 690 | @aTU471.8@v4 | |
| 690 | @aTU94@v4 | |
| 701 | 0 | @a高大钊@AGao Da Zhao@4主编 |
| 701 | 0 | @a黄绍铭@AHuang Shao Ming@4主编 |
| 801 | 0 | @aCN@bMUSE@c20171013 |
| 905 | @a10447@dTU471.8@eH884 | |
| 软土地基与地下工程= Foudation and underground engineering in soft ground/黄绍铭, 高大钊主编.-第2版.-北京:中国建筑工业出版社,2005.06 |
| 1114页:图;26cm |
| ISBN 7-112-07208-5(精装):CNY113.00 |
| ● |
| 相关链接 |
|
|
|
正题名:软土地基与地下工程
索取号:TU471.8/H884
 
预约/预借
| 序号 | 登录号 | 条形码 | 馆藏地/架位号 | 状态 | 备注 |
| 1 | 1308196 | 213081966 | 土木与交通工程学院资料室/ [索取号:TU471.8/H884] | 在馆 | |
| 2 | 600706 | 206007060 | 土木与交通工程学院资料室/ [索取号:TU471.8/H884] | 在馆 | |
| 3 | 600707 | 206007079 | 土木与交通工程学院资料室/ [索取号:TU471.8/H884] | 在馆 |